[Event "BCF-chT4S 2324 (4NCL)"]
[Site "England"]
[Date "2024.01.06"]
[Round "3.53"]
[White "Perrett, David C"]
[Black "Taylor, Robert P"]
[Result "1-0"]
[WhiteElo "2003"]
[BlackElo "1738"]
[PlyCount "53"]
[EventDate "2024.02.11"]
[EventType "team-swiss"]
[EventRounds "11"]
[EventCountry "ENG"]
[SourceTitle "EXT 2025"]
[Source "ChessBase"]
[SourceDate "2024.10.14"]
[SourceVersion "1"]
[SourceVersionDate "2024.10.14"]
[SourceQuality "1"]
[WhiteTeam "The Full Ponty"]
[BlackTeam "Ashfield III"]
[WhiteTeamCountry "ENG"]
[BlackTeamCountry "ENG"]

1. d4 c6 2. Nf3 Nf6 3. g3 g6 4. Bg2 Bg7 5. 0-0 d5 6. c4 0-0 7. Ne5 e6 8. Nc3 Nbd7 9. f4 Qe7 10. e3 a6 11. b3 Nxe5 12. fxe5 Nd7 13. a4 Re8 14. Ba3 Qg5 15. Qf3 f5 16. e4 Bf8 17. Bxf8 Rxf8 18. exd5 exd5 19. cxd5 c5 20. e6 Nf6 21. dxc5 Ng4 22. Rae1 Re8 23. h3 Nh6 24. Qe3 Qxe3+ 25. Rxe3 Kg7 26. Rfe1 Rg8 27. d6 1-0

[Event "BCF-chT4S 2324 (4NCL)"]
[Site "England"]
[Date "2023.11.18"]
[Round "1.54"]
[White "Searle, Tristan"]
[Black "Perrett, David C"]
[Result "0-1"]
[WhiteElo "1417"]
[BlackElo "1999"]
[PlyCount "70"]
[EventDate "2024.02.11"]
[EventType "team-swiss"]
[EventRounds "11"]
[EventCountry "ENG"]
[SourceTitle "EXT 2025"]
[Source "ChessBase"]
[SourceDate "2024.10.14"]
[SourceVersion "1"]
[SourceVersionDate "2024.10.14"]
[SourceQuality "1"]
[WhiteTeam "War and Piece II"]
[BlackTeam "The Full Ponty"]
[WhiteTeamCountry "ENG"]
[BlackTeamCountry "ENG"]

1. e4 Nf6 2. Nc3 d5 3. exd5 Nxd5 4. Nxd5 Qxd5 5. d4 Nc6 6. Be3 Bf5 7. a3 0-0-0 8. Nf3 Bg4 9. Be2 Qf5 10. Nh4 Bxe2 11. Nxf5 Bxd1 12. Rxd1 e6 13. Ng3 Na5 14. 0-0 Nc4 15. Bc1 Be7 16. Rfe1 Bf6 17. c3 e5 18. Ne4 Be7 19. b3 Nxa3 20. Bxa3 Bxa3 21. dxe5 Be7 22. f4 Rxd1 23. Rxd1 Rd8 24. Rxd8+ Kxd8 25. Kf2 Kd7 26. Ke3 Ke6 27. g4 g5 28. fxg5 Kxe5 29. h4 a5 30. c4 c6 31. Nf6 Bxf6 32. gxf6 Kxf6 33. Kd4 b6 34. c5 b5 35. Ke3 Ke5 0-1

[Event "WchT Seniors 50"]
[Site "Struga"]
[Date "2023.09.28"]
[Round "9.3"]
[White "Perrett, David C"]
[Black "Heatlie, Douglas S"]
[Result "1-0"]
[WhiteElo "1924"]
[BlackElo "1763"]
[PlyCount "83"]
[EventDate "2023.09.19"]
[EventType "team-swiss"]
[EventRounds "9"]
[EventCountry "MKD"]
[SourceTitle "CBM 216 Extra"]
[Source "ChessBase"]
[SourceDate "2023.11.30"]
[SourceVersion "1"]
[SourceVersionDate "2023.11.30"]
[SourceQuality "1"]
[WhiteTeam "Wales Silures 50"]
[BlackTeam "Scotland 50"]
[WhiteTeamCountry "WLS"]
[BlackTeamCountry "SCO"]

1. d4 d5 2. Nf3 Nf6 3. e3 e6 4. Bd3 Be7 5. Nbd2 b6 6. Qe2 Bb7 7. Ne5 0-0 8. c3 Nbd7 9. 0-0 Nxe5 10. dxe5 Nd7 11. f4 f5 12. Nb3 c5 13. c4 Qc7 14. Nd2 Rad8 15. Nf3 h6 16. Bd2 Rfe8 17. Rfc1 Nf8 18. cxd5 Bxd5 19. e4 fxe4 20. Bxe4 Qb7 21. Bxd5 Rxd5 22. Be3 Red8 23. Rd1 b5 24. Rd2 c4 25. Rad1 a5 26. a4 Bb4 27. Rxd5 exd5 28. axb5 Qxb5 29. Nd4 Qe8 30. Nc2 Qe7 31. Qf2 Ne6 32. f5 Nc5 33. f6 gxf6 34. exf6 Qf8 35. Rf1 Kf7 36. Qh4 Ne4 37. Nd4 Qg8 38. Nf5 Qg6 39. Nxh6+ Kf8 40. Ng4 Bc5 41. Bxc5+ Nxc5 42. Ne5 1-0

[Event "WchT Seniors 50"]
[Site "Struga"]
[Date "2023.09.26"]
[Round "7.3"]
[White "Perrett, David C"]
[Black "Atanasov, K Sande"]
[Result "1-0"]
[WhiteElo "1924"]
[BlackElo "1768"]
[PlyCount "45"]
[EventDate "2023.09.19"]
[EventType "team-swiss"]
[EventRounds "9"]
[EventCountry "MKD"]
[SourceTitle "CBM 216 Extra"]
[Source "ChessBase"]
[SourceDate "2023.11.30"]
[SourceVersion "1"]
[SourceVersionDate "2023.11.30"]
[SourceQuality "1"]
[WhiteTeam "Wales Silures 50"]
[BlackTeam "Macedonia Blind 50"]
[WhiteTeamCountry "WLS"]
[BlackTeamCountry "MKD"]

1. d4 d5 2. Nf3 Nf6 3. Bg5 Ne4 4. Bf4 e6 5. Nbd2 Nxd2 6. Qxd2 Bd6 7. c3 Bxf4 8. Qxf4 Qd6 9. Qxd6 cxd6 10. e3 Bd7 11. Bd3 Bc6 12. Nd2 Nd7 13. c4 dxc4 14. Nxc4 Ke7 15. Na5 h6 16. 0-0 Nf6 17. Rfc1 Rhc8 18. f3 Nd5 19. e4 Nb4 20. Be2 b6 21. Nxc6+ Nxc6 22. Ba6 Rc7 23. d5 1-0

[Event "WLS-chT"]
[Site "Wales"]
[Date "2023.04.16"]
[Round "3"]
[White "Perrett, David C"]
[Black "Saunders, Walter NR"]
[Result "1/2-1/2"]
[WhiteElo "2026"]
[BlackElo "1960"]
[PlyCount "53"]
[EventDate "2023.02.19"]
[EventType "team-tourn"]
[EventRounds "5"]
[EventCountry "WLS"]
[SourceTitle "EXT 2024"]
[Source "ChessBase"]
[SourceDate "2023.10.10"]
[SourceVersion "1"]
[SourceVersionDate "2023.10.10"]
[SourceQuality "1"]
[WhiteTeam "The Full Ponty"]
[BlackTeam "Abergavenny"]
[WhiteTeamCountry "WLS"]
[BlackTeamCountry "WLS"]

1. d4 Nf6 2. Bg5 d6 3. Bxf6 gxf6 4. e3 Bf5 5. Bd3 Bxd3 6. Qxd3 c6 7. Nc3 Nd7 8. Nge2 e6 9. f4 f5 10. e4 fxe4 11. Qxe4 Nf6 12. Qf3 Qa5 13. f5 Qxf5 14. Qxf5 exf5 15. 0-0 Bg7 16. Ng3 Ne4 17. Nxf5 Nxc3 18. Nxd6+ Kd7 19. Rxf7+ Kxd6 20. Rxg7 Ne2+ 21. Kf2 Nxd4 22. Rd1 c5 23. c3 Rhf8+ 24. Kg1 Kc6 25. cxd4 cxd4 26. Rxd4 Rad8 27. Rxd8 1/2-1/2

[Event "BCF-chT4S 1617 (4NCL)"]
[Site "England"]
[Date "2017.01.14"]
[Round "3.34"]
[White "Perrett, David C"]
[Black "Howell, Matthew G"]
[Result "1-0"]
[WhiteElo "1957"]
[BlackElo "1552"]
[PlyCount "109"]
[EventDate "2016.11.26"]
[EventType "team-swiss"]
[EventRounds "11"]
[EventCountry "ENG"]
[SourceTitle "EXT 2019"]
[Source "ChessBase"]
[SourceDate "2018.10.10"]
[SourceVersion "1"]
[SourceVersionDate "2018.10.10"]
[SourceQuality "1"]
[WhiteTeam "The Full Ponty"]
[BlackTeam "Sussex Martlets III"]
[WhiteTeamCountry "WLS"]
[BlackTeamCountry "ENG"]

1. d4 e6 2. g3 Nf6 3. Bg2 d5 4. Nf3 b6 5. Ne5 Bb7 6. 0-0 Bd6 7. f4 Nc6 8. e3 0-0 9. Nd2 Na5 10. Nb3 Nxb3 11. axb3 c5 12. Bd2 Qc7 13. Nd3 Rfc8 14. c3 a5 15. Nf2 b5 16. Qe2 Ba6 17. Rfe1 c4 18. e4 Bf8 19. e5 Ne8 20. bxc4 bxc4 21. f5 Rcb8 22. fxe6 fxe6 23. Bh3 Bc8 24. Rf1 Rxb2 25. Nd1 Rb7 26. Qg4 g6 27. Qf3 Qe7 28. Bg5 Qg7 29. Nf2 Rf7 30. Qe2 h5 31. Rfb1 Be7 32. Bc1 Bd8 33. Ba3 Qh6 34. Bc5 g5 35. Bb6 Bxb6 36. Rxb6 g4 37. Bg2 Rb7 38. Bxd5 Rxb6 39. Bxa8 Bb7 40. Bxb7 Rxb7 41. Qxc4 Qg6 42. Qa2 h4 43. Rf1 hxg3 44. hxg3 Rh7 45. Kg2 Qf5 46. Qe2 Rg7 47. Ne4 Qh5 48. Rf4 a4 49. Nf2 Nc7 50. c4 a3 51. Qa2 Qe8 52. Nxg4 Qc6+ 53. d5 exd5 54. Nf6+ Kh8 55. Rh4+ 1-0

[Event "BCF-chT4S 1617 (4NCL)"]
[Site "England"]
[Date "2016.11.26"]
[Round "1.75"]
[White "Perrett, David C"]
[Black "Jaufarally, Mohammud"]
[Result "1-0"]
[WhiteElo "1957"]
[BlackElo "1480"]
[PlyCount "63"]
[EventDate "2016.11.26"]
[EventType "team-swiss"]
[EventRounds "11"]
[EventCountry "ENG"]
[SourceTitle "EXT 2019"]
[Source "ChessBase"]
[SourceDate "2018.10.10"]
[SourceVersion "1"]
[SourceVersionDate "2018.10.10"]
[SourceQuality "1"]
[WhiteTeam "The Full Ponty"]
[BlackTeam "D&D Utd"]
[WhiteTeamCountry "WLS"]
[BlackTeamCountry "ENG"]

1. d4 Nf6 2. Bg5 e6 3. e4 Be7 4. Bd3 d6 5. Nf3 Nc6 6. c3 h6 7. Bf4 Nh5 8. Be3 Nf6 9. h3 b6 10. Nbd2 Bb7 11. Qe2 0-0 12. 0-0-0 Qd7 13. g4 Nh7 14. Rhg1 g5 15. e5 f5 16. exf6 Nxf6 17. h4 Nd8 18. hxg5 Bxf3 19. Nxf3 hxg5 20. Bxg5 Nf7 21. Bxf6 Bxf6 22. g5 Bg7 23. Qe4 Rfe8 24. Rh1 e5 25. Rh7 exd4 26. Rxg7+ Kxg7 27. Qh7+ Kf8 28. g6 Ne5 29. Qh8+ Ke7 30. Qh4+ Ke6 31. Nxd4+ Kd5 32. Qe4+ 1-0

[Event "BCF-chT4 1516 (4NCL)"]
[Site "England"]
[Date "2016.03.19"]
[Round "8.99"]
[White "Perrett, David C"]
[Black "Jones, Robert L"]
[Result "1-0"]
[WhiteElo "1943"]
[BlackElo "1832"]
[PlyCount "99"]
[EventDate "2015.11.14"]
[EventType "team-swiss"]
[EventRounds "11"]
[EventCountry "ENG"]
[SourceTitle "EXT 2017"]
[Source "ChessBase"]
[SourceDate "2016.10.25"]
[SourceVersion "1"]
[SourceVersionDate "2016.10.25"]
[SourceQuality "1"]
[WhiteTeam "The Full Ponty"]
[BlackTeam "Iceni II"]
[WhiteTeamCountry "ENG"]
[BlackTeamCountry "ENG"]

1. d4 d5 2. Bg5 f6 3. Bf4 Nc6 4. e3 e5 5. Bg3 exd4 6. exd4 Qe7+ 7. Ne2 Bf5 8. c3 0-0-0 9. Na3 a6 10. Nc2 Bxc2 11. Qxc2 g6 12. 0-0-0 Bh6+ 13. Kb1 f5 14. Bf4 Qe4 15. f3 Qxc2+ 16. Kxc2 Bxf4 17. Nxf4 Nf6 18. Bd3 Rhe8 19. h4 Kb8 20. Kd2 Re7 21. Rde1 Rde8 22. Rxe7 Rxe7 23. Re1 Rxe1 24. Kxe1 Ne7 25. Kf2 c6 26. b4 b5 27. Ne6 Kb7 28. Ke3 Nc8 29. Kf4 Nb6 30. Nc5+ Kc8 31. Ke5 Nfd7+ 32. Kd6 Nb8 33. Nxa6 Nxa6 34. Kxc6 Na4 35. Kxb5 Nxc3+ 36. Kxa6 Nxa2 37. Kb5 Kb7 38. Kc5 Nc3 39. Bc2 Ne2 40. Bb3 Nf4 41. Bxd5+ Kc7 42. g3 Ne2 43. g4 fxg4 44. fxg4 h6 45. b5 g5 46. hxg5 hxg5 47. b6+ Kb8 48. Bc6 Nf4 49. d5 Nd3+ 50. Kd4 1-0

[Event "Politiken Cup 37th"]
[Site "Helsingor"]
[Date "2015.07.29"]
[Round "6"]
[White "Perrett, David C"]
[Black "Rossen, Claus"]
[Result "0-1"]
[WhiteElo "1937"]
[BlackElo "2193"]
[PlyCount "75"]
[EventDate "2015.07.25"]
[EventType "swiss"]
[EventRounds "10"]
[EventCountry "DEN"]
[SourceTitle "CBM 167 Extra"]
[Source "ChessBase"]
[SourceDate "2015.09.14"]
[SourceVersion "1"]
[SourceVersionDate "2015.09.14"]
[SourceQuality "1"]

1. d4 Nf6 2. Bg5 c5 3. Bxf6 gxf6 4. d5 d6 5. c4 b5 6. cxb5 a6 7. e3 f5 8. Nc3 Bg7 9. Bd3 axb5 10. Bxb5+ Bd7 11. Bxd7+ Nxd7 12. Nge2 Ne5 13. 0-0 Qb6 14. Qc2 0-0 15. Rab1 Nc4 16. Rfd1 e6 17. e4 fxe4 18. Nxe4 Ne5 19. Ng5 Ng6 20. dxe6 fxe6 21. Nxe6 Rf5 22. Nxg7 Kxg7 23. Ng3 Nf4 24. Qe4 Raf8 25. Rd2 Qa5 26. Rbd1 Re5 27. Qb1 d5 28. a3 d4 29. f3 Rfe8 30. Ne4 d3 31. b4 Qxa3 32. Nxc5 Re2 33. Rxe2 dxe2 34. Re1 Qe3+ 35. Kh1 Qf2 36. Qb2+ Kf7 37. Rg1 Qxg1+ 38. Kxg1 0-1

[Event "BCF-chT3S 1314 (4NCL)"]
[Site "England"]
[Date "2014.01.11"]
[Round "3.145"]
[White "Ukken, Somton"]
[Black "Perrett, David C"]
[Result "1-0"]
[WhiteElo "1926"]
[BlackElo "1969"]
[PlyCount "45"]
[EventDate "2013.11.16"]
[EventType "team-swiss"]
[EventRounds "6"]
[EventCountry "ENG"]
[SourceTitle "EXT 2015"]
[Source "ChessBase"]
[SourceDate "2014.11.20"]
[SourceVersion "1"]
[SourceVersionDate "2014.11.20"]
[SourceQuality "1"]
[WhiteTeam "Midland Monarchs"]
[BlackTeam "The Full Ponty"]
[WhiteTeamCountry "ENG"]
[BlackTeamCountry "ENG"]

1. d4 f5 2. Nc3 d5 3. Bg5 c6 4. e3 Nf6 5. Bxf6 exf6 6. Bd3 Be6 7. Qf3 g6 8. Nge2 Bd6 9. h3 Nd7 10. g4 fxg4 11. hxg4 Nf8 12. 0-0-0 Qe7 13. e4 0-0-0 14. exd5 cxd5 15. Kb1 Qf7 16. Nf4 Bxf4 17. Qxf4 a6 18. Rde1 Bd7 19. Re3 Ne6 20. Qd6 Nc7 21. Re7 Qf8 22. Na4 Qxe7 23. Nb6+ 1-0

[Event "BCF-chT3S 1314 (4NCL)"]
[Site "England"]
[Date "2013.11.17"]
[Round "2.86"]
[White "Perrett, David C"]
[Black "Tozer, Philip AA"]
[Result "0-1"]
[WhiteElo "1970"]
[BlackElo "2136"]
[PlyCount "76"]
[EventDate "2013.11.16"]
[EventType "team-swiss"]
[EventRounds "6"]
[EventCountry "ENG"]
[SourceTitle "CBM 157 Extra"]
[Source "ChessBase"]
[SourceDate "2013.12.19"]
[SourceVersion "1"]
[SourceVersionDate "2013.12.19"]
[SourceQuality "1"]
[WhiteTeam "The Full Ponty"]
[BlackTeam "Anglian Avengers II"]
[WhiteTeamCountry "ENG"]
[BlackTeamCountry "ENG"]

1. d4 e6 2. c4 Nf6 3. g3 Bb4+ 4. Bd2 Qe7 5. Bg2 0-0 6. a3 Bxd2+ 7. Nxd2 d6 8. e3 e5 9. Ne2 e4 10. Nc3 Bf5 11. Nd5 Nxd5 12. cxd5 Nd7 13. h4 Nf6 14. Qb3 c6 15. dxc6 bxc6 16. Qc2 Rac8 17. g4 Nxg4 18. Bxe4 Bxe4 19. Qxe4 Qd7 20. Qf4 f5 21. Nc4 Qe6 22. Rc1 d5 23. Nd6 Rb8 24. Rxc6 Qd7 25. Rc5 Rb6 26. f3 Rxd6 27. fxg4 fxg4 28. Qg5 Rf5 29. Rc7 Qxc7 30. Qxf5 Qc1+ 31. Ke2 Qxh1 32. Qc8+ Kf7 33. Qc7+ Kg6 34. Qxd6+ Kh5 35. Qd8 Qf3+ 36. Kd2 Qf2+ 37. Kd1 Qf5 38. Ke1 g3 0-1

[Event "BCF-chT3S 1314 (4NCL)"]
[Site "England"]
[Date "2013.11.16"]
[Round "1.236"]
[White "Watson, Darrell"]
[Black "Perrett, David C"]
[Result "0-1"]
[WhiteElo "1711"]
[BlackElo "1970"]
[PlyCount "102"]
[EventDate "2013.11.16"]
[EventType "team-swiss"]
[EventRounds "6"]
[EventCountry "ENG"]
[SourceTitle "CBM 157 Extra"]
[Source "ChessBase"]
[SourceDate "2013.12.19"]
[SourceVersion "1"]
[SourceVersionDate "2013.12.19"]
[SourceQuality "1"]
[WhiteTeam "Bucks Juniors"]
[BlackTeam "The Full Ponty"]
[WhiteTeamCountry "ENG"]
[BlackTeamCountry "ENG"]

1. Nf3 f5 2. b3 Nf6 3. Bb2 d6 4. g3 e5 5. Bg2 Nbd7 6. c4 g6 7. d3 Bg7 8. d4 e4 9. Ng5 Qe7 10. 0-0 Ng4 11. f3 Ne3 12. Qd2 Nxf1 13. Bxf1 e3 14. Qa5 Qxg5 15. Qxc7 Qe7 16. Qa5 0-0 17. Na3 Nf6 18. Rd1 b6 19. Qe1 g5 20. Nc2 f4 21. g4 Bb7 22. d5 Nd7 23. Bxg7 Qxg7 24. Nd4 Qf6 25. Nf5 a5 26. h4 h6 27. Bh3 Nc5 28. Kh2 Bc8 29. Nd4 Rf7 30. h5 Rb7 31. Qc3 Nd7 32. Qc2 Ne5 33. Nb5 Bd7 34. Nc3 a4 35. Ne4 Qe7 36. b4 Re8 37. c5 bxc5 38. bxc5 dxc5 39. d6 Qg7 40. Nc3 Bc6 41. Qf5 Rd8 42. Qe6+ Nf7 43. Qc4 Rbd7 44. Ne4 Qe5 45. Nxc5 Rxd6 46. Rc1 Rd2 47. Bg2 Qd5 48. Qc3 Qd4 49. Qa5 Rxe2 50. Kh3 Rxg2 51. Ne6 Rg3+ 0-1

[Event "Rail 6 countries 24th"]
[Site "Bad Salzuflen"]
[Date "2013.06.30"]
[Round "5.3"]
[White "Perrett, David C"]
[Black "Muzik, Martin"]
[Result "1/2-1/2"]
[WhiteElo "1977"]
[BlackElo "2155"]
[PlyCount "29"]
[EventDate "2013.06.28"]
[EventType "team-tourn"]
[EventRounds "5"]
[EventCountry "GER"]
[SourceTitle "EXT 2014"]
[Source "ChessBase"]
[SourceDate "2013.11.20"]
[SourceVersion "1"]
[SourceVersionDate "2013.11.20"]
[SourceQuality "1"]
[WhiteTeam "England"]
[BlackTeam "Czech Republic"]
[WhiteTeamCountry "ENG"]
[BlackTeamCountry "CZE"]

1. d4 d5 2. Nf3 Nf6 3. Bg5 Ne4 4. Bf4 e6 5. Nbd2 Bd6 6. Bxd6 Qxd6 7. e3 0-0 8. Bd3 f5 9. Ne5 Nd7 10. f4 c5 11. c3 c4 12. Bxe4 fxe4 13. 0-0 Nxe5 14. fxe5 Rxf1+ 15. Nxf1 1/2-1/2

[Event "Rail 6 countries 24th"]
[Site "Bad Salzuflen"]
[Date "2013.06.29"]
[Round "3.3"]
[White "Perrett, David C"]
[Black "Michel, Steffen"]
[Result "0-1"]
[WhiteElo "1977"]
[BlackElo "2145"]
[PlyCount "78"]
[EventDate "2013.06.28"]
[EventType "team-tourn"]
[EventRounds "5"]
[EventCountry "GER"]
[SourceTitle "EXT 2014"]
[Source "ChessBase"]
[SourceDate "2013.11.20"]
[SourceVersion "1"]
[SourceVersionDate "2013.11.20"]
[SourceQuality "1"]
[WhiteTeam "England"]
[BlackTeam "Germany"]
[WhiteTeamCountry "ENG"]
[BlackTeamCountry "GER"]

1. d4 g6 2. Bf4 Bg7 3. Qd2 d6 4. Nc3 c6 5. e4 Nd7 6. 0-0-0 Qa5 7. Kb1 b5 8. Nf3 b4 9. Ne2 Ngf6 10. Ng3 h6 11. Bd3 g5 12. Be3 e6 13. Rhe1 Rb8 14. h4 g4 15. Ng1 Ba6 16. N1e2 Bxd3 17. Qxd3 Nb6 18. Nf4 Na4 19. Ka1 Nd7 20. Ngh5 Bf8 21. Qb3 Kd8 22. d5 Ndc5 23. Bxc5 Nxc5 24. Qc4 b3 25. a3 bxc2 26. Qxc2 e5 27. Nd3 Nb3+ 28. Ka2 c5 29. f4 gxf3 30. gxf3 Be7 31. f4 Nd4 32. Qg2 c4 33. Nc1 c3 34. b3 Nb5 35. a4 c2 36. Rd2 Nc3+ 37. Kb2 Nxa4+ 38. Kxc2 Rc8+ 39. Kd1 Nc3+ 0-1